| 000 | 00935nam a22003017a 4500 | ||
|---|---|---|---|
| 003 | CHAP | ||
| 005 | 20220329134854.0 | ||
| 008 | 971013s r 00010 d | ||
| 010 | _a27272 | ||
| 011 | _a28244 | ||
| 035 | _a32347 | ||
| 040 | _cCHAP | ||
| 090 | _aFolleto 6220 | ||
| 110 |
_aInstituto Mexicano del Seguro Social _959268 |
||
| 245 | _aMemoria Institucional, 19 - | ||
| 260 |
_aMéxico, D.F. : _bEl Instituto, _c19 - |
||
| 300 |
_av. _b: ilus |
||
| 500 | _aLa biblioteca tiene: 1979 | ||
| 590 |
_aBATCH-UPD _b10 _c20130110 _lUCH01 _h1930 |
||
| 590 |
_aBATCH-UPD _b10 _c20130410 _lUCH01 _h1254 |
||
| 590 |
_aBATCH-UPD _b10 _c20130914 _lUCH01 _h2017 |
||
| 590 |
_aCONVERSION _b10 _c20130109 _lUCH01 _h1316 |
||
| 650 | 1 | 4 |
_aSeguridad social _zMéxico. _9103687 |
| 901 | _aBK | ||
| 942 | _cFOLL | ||
| 949 |
_aFolleto 6220 _bBC _cFOLL _d-75113 _eTS1 _i32347 _mD _si |
||
| 949 |
_aFolleto 6220 _bBC _cFOLL _d-75114 _eTS2 _fc.2 _i32347 _mD _si |
||
| 999 |
_c27272 _d27272 |
||